Shapes! / (Record no. 9892)

MARC details
000 -LEADER
fixed length control field 00762nam a22002537a 4500
001 - CONTROL NUMBER
control field 9892
003 - CONTROL NUMBER IDENTIFIER
control field FISKH
005 - DATE AND TIME OF LATEST TRANSACTION
control field 20260312105320.0
008 - FIXED-LENGTH DATA ELEMENTS--GENERAL INFORMATION
fixed length control field 260312b cb ||||| |||| 00| 0 eng d
020 ## - INTERNATIONAL STANDARD BOOK NUMBER
International Standard Book Number 9781617418402
040 ## - CATALOGING SOURCE
Original cataloging agency FISKH
Language of cataloging eng
Transcribing agency FISKH
Modifying agency FISKH
050 ## - LIBRARY OF CONGRESS CALL NUMBER
Classification number QA445.5
082 ## - DEWEY DECIMAL CLASSIFICATION NUMBER
Classification number 516.15
100 ## - MAIN ENTRY--PERSONAL NAME
Personal name Reasoner, Charles
Relator term Author
245 ## - TITLE STATEMENT
Title Shapes! /
Statement of responsibility, etc. by Charles Reasoner
260 ## - PUBLICATION, DISTRIBUTION, ETC.
Place of publication, distribution, etc. Guangdong :
Name of publisher, distributor, etc. Rourke Publishing ,
Date of publication, distribution, etc. 2011
300 ## - PHYSICAL DESCRIPTION
Extent 8 unnumbered pages :
Other physical details color illustrations ;
Dimensions 19 cm
505 ## - FORMATTED CONTENTS NOTE
Formatted contents note NP<br/>
520 ## - SUMMARY, ETC.
Summary, etc. Abundant bright colors and playful illustrations, photographs, and text combine to teach young children about shapes.
521 8# - TARGET AUDIENCE NOTE
Target audience note NP <br/>
650 ## - SUBJECT ADDED ENTRY--TOPICAL TERM
Topical term or geographic name entry element Board book
Form subdivision Shapes
942 ## - ADDED ENTRY ELEMENTS (KOHA)
Source of classification or shelving scheme Dewey Decimal Classification
Koha item type Books
Suppress in OPAC No
Holdings
Withdrawn status Lost status Source of classification or shelving scheme Damaged status Not for loan Collection Home library Current library Shelving location Date acquired Total Checkouts Full call number Barcode Date due Date last seen Date last checked out Copy number Price effective from Koha item type
    Dewey Decimal Classification     Non-Fiction Footprints International School Library Network Toul Tom Poung Campus Footprints International School Library Network Toul Tom Poung Campus TTP Primary Green Bookshelves 03/12/2026 1 REA 516.15 QA445.5 FISTK03696 05/07/2026 04/23/2026 04/23/2026 1 03/12/2026 Books